Repensando la experiencia urbana de América Latina: cuestiones, conceptos y valores /
El libro tiene la intención de señalar, simultáneamente, el "envejecimiento" del nombre del grupo y alertar sobre la necesidad de una actualización, de forma articulada e interdisciplinaria, de la problemática urbana en América Latina. Esta actualización es una exigencia del presente, tant...
محفوظ في:
| المؤلف الرئيسي: | |
|---|---|
| التنسيق: | نص |
| اللغة: | Spanish |
| منشور في: |
Buenos Aires:
CLACSO. ASDI
2000
|
| الموضوعات: | |
| الوسوم: |
إضافة وسم
لا توجد وسوم, كن أول من يضع وسما على هذه التسجيلة!
|
MARC
| LEADER | 00000 a a2200000 04500 | ||
|---|---|---|---|
| 001 | 18260 | ||
| 003 | cru CIDCACS/IIS | ||
| 005 | 20230509153839.0 | ||
| 008 | 230228b |||||||| |||| 00| 0 spa d | ||
| 040 | |c cru IIS |d cru IIS | ||
| 090 | |a 14.04.03 T693r | ||
| 100 | |a Torres Ribeiro, Ana Clara | ||
| 245 | |a Repensando la experiencia urbana de América Latina: cuestiones, conceptos y valores / |c Ana Clara Torres Ribeiro | ||
| 260 | |a Buenos Aires: |b CLACSO. ASDI |c 2000 | ||
| 300 | |a 250 p. | ||
| 500 | |a Disponible en Cd, en No. 194105 | ||
| 520 | |a El libro tiene la intención de señalar, simultáneamente, el "envejecimiento" del nombre del grupo y alertar sobre la necesidad de una actualización, de forma articulada e interdisciplinaria, de la problemática urbana en América Latina. Esta actualización es una exigencia del presente, tanto por la magnitud del drama social concentrado en los espacios urbano-metropolitanos, del cual las ciencias sociales no pueden apartarse, como por la rápida difusión de nuevos modelos de intervención pública e idearios para la experiencia urbana, que desconocen la historicidad del pensamiento social latinoamericano y la especificidad cultural y sociopolítica que particulariza cada contexto de la periferia del capitalismo | ||
| 650 | 0 | |9 1190 |a POBLACION URBANA | |
| 650 | 0 | |9 143 |a ECONOMIA | |
| 650 | 0 | |9 26 |a SOCIEDAD | |
| 650 | 0 | |9 83 |a DEMOCRACIA | |
| 651 | 0 | |9 17 |a AMERICA LATINA | |
| 942 | |2 ddc |c LI | ||
| 999 | |c 14315 |d 14315 | ||
